00636nam a2200181Ia 4500100002900000490000600029942000700035654001300042245003600055260003200091082000800123300000800131546001200139999001700151952010800168952008900276952008900365 aChoudhury/ Bhattacharya  vI cBK aWorkshop aElements of Workshop Technology bAsia publishing housec2001 a671 a457 aENGLISH c21877d21877 001040708AFTaCRCEbCRCEd2023-03-17g12.50i776l0o671 pAFT619r2023-03-17v12.50w2023-03-17yBK 001040708AFTaCRCEbCRCEd2023-03-17l0o671 pAFT621r2023-03-17w2023-03-17yBK 001040708AFTaCRCEbCRCEd2023-03-17l0o671 pAFT622r2023-03-17w2023-03-17yBK